000 00439pab a2200157 454500
008 180718b2016 xxu||||| |||| 00| 0 eng d
100 _aMbiti, Isaac M.
245 _aThe need for accountability in education in developing countries
260 _c2016
300 _ap.109-132.
362 _aSummer
650 _aAccountability
650 _aEducational accountability
773 _aJournal of Economic Perspectives
909 _a112248
999 _c112243
_d112243